000
00339nam a2200133Ia 4500
008
240624s9999 xx 000 0 und d
041
_a
eng
082
_a
658.3124 MAL
100
_a
MALLOCH MARGARET
245
_a
SAGE HANDBOOK OF WORKPLACE LEARNING
260
_c
2011
_a
London
_b
Sage
300
_a
xvii, 476 p.; 23 cm.
365
_c
BPS
_b
38
999
_c
30745
_d
30745